Nízkofrekvenčný digitálny fázomer

Na minha lista:
Detalhes bibliográficos
Main Authors: Novák, Peter (Author), Hribik, Ján, 1948- (Author)
Formato: Manuscrito Livro
Idioma:eslovaco
Publicado em: Bratislava : STU v Bratislave FEI, 2008
Assuntos:
Tags: Adicionar Tag
Sem tags, seja o primeiro a adicionar uma tag!

MARC

LEADER 00000ntm a22000003a 4500
001 stu176708
005 20150617225609.7
008 081203s2008------------------------slo-d
040 |a STU  |b slo 
041 0 |a slo 
100 1 |a Novák, Peter  |4 aut 
245 1 |a Nízkofrekvenčný digitálny fázomer 
260 |a Bratislava :  |b STU v Bratislave FEI,  |c 2008 
300 |a 39 s  |c príl. 
650 7 |a elektronika  |2 stusub 
650 7 |a Rádioelektronika  |2 stusub 
700 1 |a Hribik, Ján,  |d 1948-  |4 aut  |u E030  |U FEI Fakulta elektrotechniky a informatiky  |T FEI Ústav elektroniky a fotoniky  |X 2057  |U E030  |Y 549  |7 A000002057